000 00278nam a2200121Ia 4500
005 20251222142018.0
008 251222s9999||||xx |||||||||||||| ||spa||
082 _a858.9/M86
100 _aMoravia, Alberto
245 0 _aEl Conformista
264 _bPlaza & Janés
942 _cLIB
999 _c10551
_d10551